Statistics for Quiz Luis 4

Click here to take the quiz!

General Stats

  • This quiz has been taken 17 times
  • The average score is 52 of 111

Answer Stats

polskihiszpański% Correct
sałatkaensalada
100%
oliwkiaceitunas
86%
awokadoaguacate
86%
glonalga
86%
marynowanymarinado
86%
naleśnikpanqueque
86%
kaczkapato
86%
paprykapimiento
86%
dania główneplatos principales
86%
deserpostre
86%
komosa ryżowaquinoa
86%
rumron
86%
bakłażanberenjena
71%
dyniacalabaza
71%
wysoki cholesterolcolesterol alto
71%
kandyzowanyconfitado
71%
nóżcuchillo
71%
dysponować czymśdisponer de
71%
szparagiespárragos
71%
podpalaneflambeado
71%
marakujafruta de la pasión
71%
hamburgerhamburguesa
71%
małżemejillones
71%
orzechy włoskienueces
71%
ciastka, ciastapasteles
71%
hot dogiperritos calientes
71%
kurczak smażonypollo frito
71%
cielęcinaternera
71%
winegretvinegreta
71%
marchewkazanahoria
71%
migdałyalmendras
57%
dorszbacalao
57%
orzeszki ziemnecacahuetes
57%
zdolność, pojemność, objętośćcapacidad
57%
karmelizowanycaramelizado
57%
osoba chorująca na celiakięceliacos
57%
małe kalmarychipirones
57%
chrupiącycrujiente
57%
łyżka czegoścucharada de
57%
z puszkienlatado
57%
pływającyflotante
57%
tłuszcze nasyconegrasas saturadas
57%
kartka, liśćhoja
57%
smalecmanteca
57%
pasztetpatés
57%
zaprowadzić porządekponer orden
57%
faszerowanerellenos
57%
być nijakiser soso
57%
grzybysetas
57%
baskijskivasco
57%
przytłaczającyagobiante
43%
owiesavena
43%
mięso pochodzące z wieprzowinycarne derivado del cerdo
43%
przetworzone mięsocarne procesado
43%
przepiórkacodorniz
43%
rosnąćcrecer
43%
łyżeczka czegoścucharadita de
43%
eksperyment niepomyślny, nieudanyexperimento fallido
43%
ciastka, herbatnikigalletas
43%
jajko na twardohuevo duro
43%
impet, gwałtownośćímpetu
43%
kurczak pieczonypollo asado
43%
sezamsésamo
43%
zupy w puszkachsopas enlatadas
43%
łyk wodysorbo de agua
43%
pisać na klawiaturzeteclear
43%
napięcietensión
43%
pszenicatrigo
43%
kroić na kawałkitrocear
43%
pulpety, klopsikialbóndigas
29%
zdolność, talentaptitud
29%
zrównać z ziemiąarrasar
29%
kapustaberza
29%
szczypiorekcebolleta
29%
kapusta pekińskacol china
29%
umieszczać, układaćcolocar
29%
miskacuenco
29%
ktoś, kto prowadzi ożywioną rozmowędicharachero
29%
w plasterkien láminas
29%
ulatniać się, znikaćesfumarse
29%
posypywaćespolvorear
29%
sad, ogród warzywnyhuerta
29%
drzewiastyleñoso
29%
obieraćpelar
29%
proszekpolvo
29%
korzyść, pożytekprovecho
29%
rzodkiewkarábano
29%
skrobać, drapaćraspar
29%
plasterek (owocu)rodaja
29%
łodygatallo
29%
przekąskatentempié
29%
prażonytostado
29%
kieliszek/ łyk czegośtrago de
29%
jęczmieńcebada
14%
żytocenteno
14%
bezczelnośćdescaro
14%
odsączonyescurrido
14%
zatrzymaćfrenar
14%
żołądkimollejas
14%
szczyptapellizco de
14%
pietruszkaperejil
14%
szczypta soli
pizca de sal
14%
garśćpuñado de
14%
wywyższać, wznosićremontar
14%
przełamanie klątwyromper el maleficio
14%
zaspokajać głódsaciar el hambre
14%
odrobinatoque de
14%
przebijać, dziurawićagujerear
0%
pochłaniać (jedzenie)angullir
0%
odrobina olejuchorrito de eceite
0%
krople limonkigotitas de lima
0%

Score Distribution

Percentile by Number Answered

Percent of People with Each Score

Your Score History

You have not taken this quiz